[Event "Quebec op U1200"]
[Site "Montreal CAN"]
[Date "2016.07.26"]
[Round "5.5"]
[White "Navala, Anthony"]
[Black "Blondin, Bernard"]
[Result "0-1"]
[WhiteElo "962"]
[BlackElo "894"]
[PlyCount "35"]
[EventDate "2016.07.23"]
[EventType "swiss"]
[EventRounds "8"]
[EventCountry "CAN"]

1. e4 c6 2. Nf3 d5 3. exd5 Qxd5 4. Nc3 Qe6+ 5. Be2 Nf6 6. Ng5 Qd6 7. d4 h6 8.
Nf3 Bf5 9. Be3 Ne4 10. Nxe4 Bxe4 11. O-O e6 12. Bd3 Bh7 13. Bxh7 Rxh7 14. Qd3
Rh8 15. Qb3 Qb4 16. Qxb4 Bxb4 17. c3 Bd6 18. c4 {illegal move 18. ... O-O} 0-1

[Event "Quebec op U1200"]
[Site "Montreal CAN"]
[Date "2016.07.26"]
[Round "5.6"]
[White "Poulin, Roxane"]
[Black "Boulin-Philogene, Nerlande"]
[Result "1-0"]
[WhiteElo "1025"]
[BlackElo "979"]
[PlyCount "93"]
[EventDate "2016.07.23"]
[EventType "swiss"]
[EventRounds "8"]
[EventCountry "CAN"]

1. d4 e6 2. c4 Nc6 3. Nc3 Bb4 4. Nf3 d6 5. e4 e5 6. d5 Na5 7. Bd2 c6 8. a3 Bc5
9. b4 Bxf2+ 10. Kxf2 Qb6+ 11. Be3 Qd8 12. bxa5 Qxa5 13. Bd2 Bg4 14. Be2 Qd8 15.
Bg5 f6 16. Bh4 g5 17. Bg3 Ne7 18. Nd2 Bd7 19. Rf1 O-O 20. Kg1 f5 21. exf5 Bxf5
22. dxc6 Nxc6 23. Nde4 Nd4 24. Ra2 Re8 25. Bg4 Re6 26. Bxf5 Rh6 27. Qg4 Qb6 28.
Qxg5+ Kh8 29. c5 dxc5 30. Qxh6 Qxh6 31. Bxe5+ Kg8 32. Nf6+ Kf7 33. Bxh7 Qe3+
34. Rff2 Qxe5 35. Ng4+ Ke6 36. Nxe5 Kxe5 37. Rab2 b6 38. a4 Rh8 39. Bd3 Rc8 40.
Bc4 Rd8 41. Ne2 Nf5 42. Ng3 Rd1+ 43. Rf1 Ne3 44. Rxd1 Nxd1 45. Rd2 Kf4 46. Rxd1
a6 47. Bxa6 1-0

[Event "Quebec op U1200"]
[Site "Montreal CAN"]
[Date "2016.07.26"]
[Round "5.8"]
[White "Boudreau, Leo"]
[Black "Piche, Eric"]
[Result "0-1"]
[WhiteElo "874"]
[BlackElo "1179"]
[PlyCount "90"]
[EventDate "2016.07.23"]
[EventType "swiss"]
[EventRounds "8"]
[EventCountry "CAN"]

1. e4 e5 2. Nf3 Nc6 3. g3 Bc5 4. Bg2 Nf6 5. Nc3 d6 6. h3 O-O 7. d3 Nd4 8. Bg5
h6 9. Bh4 Nxf3+ 10. Qxf3 g5 11. Rg1 gxh4 12. gxh4 Kh8 13. Bh1 Rg8 14. Rf1 Bd7
15. O-O-O Rg7 16. Rg1 b5 17. Rxg7 Kxg7 18. Rg1+ Kf8 19. Nd5 Nxd5 20. exd5 Qxh4
21. Qg2 Ke7 22. Rf1 Bxh3 23. Qh2 Qf4+ 24. Qxf4 exf4 25. Re1+ Kf8 26. Re4 Re8
27. Rxe8+ Kxe8 28. f3 Ke7 29. c3 Kf6 30. d4 Bb6 31. b4 Kg5 32. Kb2 Kh4 33. Kb3
Kg3 34. a4 bxa4+ 35. Kxa4 a6 36. c4 Bxd4 37. b5 axb5+ 38. cxb5 Kh2 39. Ka5 Kxh1
40. Ka6 Bb6 41. Kb7 Kg2 42. Kb8 Kxf3 43. Kb7 Ke4 44. Kb8 f3 45. Kb7 f2 0-1

[Event "Quebec op U1200"]
[Site "Montreal CAN"]
[Date "2016.07.27"]
[Round "6.83"]
[White "Zhang, Chu Hang"]
[Black "Roussel, Lauriane"]
[Result "1/2-1/2"]
[WhiteElo "1086"]
[BlackElo "1159"]
[PlyCount "84"]
[EventDate "2016.07.23"]
[EventType "swiss"]
[EventRounds "8"]
[EventCountry "CAN"]

1. e4 e5 2. Nf3 Nc6 3. Nc3 Nf6 4. Bb5 d6 5. d4 a6 6. Bxc6+ bxc6 7. dxe5 Ng4 8.
exd6 Qxd6 9. Bd2 Be7 10. O-O O-O 11. h3 Ne5 12. Bf4 Qxd1 13. Raxd1 Nxf3+ 14.
gxf3 Bxh3 15. Rfe1 Rac8 16. Bg3 Rb8 17. Na4 Rb7 18. b3 Bb4 19. c3 Ba5 20. Rd3
Bb6 21. Red1 h6 22. Nxb6 cxb6 23. Rd6 Rc8 24. Rd8+ Rxd8 25. Rxd8+ Kh7 26. Rd6
c5 27. Kh2 Be6 28. f4 g6 29. Kg2 a5 30. c4 b5 31. cxb5 Rxb5 32. Rd3 c4 33. bxc4
Bxc4 34. Ra3 Rb2 35. Rxa5 Rxa2 36. Rc5 Bd3 37. e5 Bf5 38. Bh4 Ra8 39. Rc7 Kg8
40. Bf6 Kf8 41. Kg3 Rc8 42. Rxc8+ Bxc8 1/2-1/2

[Event "Quebec op U1200"]
[Site "Montreal CAN"]
[Date "2016.07.27"]
[Round "6.84"]
[White "Craciun, David"]
[Black "Houle, Bernard"]
[Result "0-1"]
[WhiteElo "1135"]
[BlackElo "1131"]
[PlyCount "70"]
[EventDate "2016.07.23"]
[EventType "swiss"]
[EventRounds "8"]
[EventCountry "CAN"]

1. d4 d5 2. e3 Nf6 3. Bd3 Nc6 4. f4 g6 5. Nf3 Bg7 6. O-O Nb4 7. Bb5+ Bd7 8.
Bxd7+ Qxd7 9. c3 Nc6 10. Ne5 Nxe5 11. fxe5 Ne4 12. Qf3 e6 13. Nd2 Ng5 14. Qf4
h6 15. b3 Qe7 16. e4 c6 17. a4 b6 18. c4 Nxe4 19. Nxe4 dxe4 20. Qxe4 Rc8 21.
Re1 O-O 22. Ra2 f5 23. exf6 Rxf6 24. Rae2 Qb4 25. Qd3 Qd6 26. Bb2 Re8 27. d5
Rf7 28. Bxg7 Kxg7 29. Rxe6 Qc5+ 30. R6e3 cxd5 31. cxd5 Rfe7 32. Kf2 Rf8+ 33.
Ke2 Rxe3+ 34. Qxe3 Qc2+ 35. Qd2 Re8+ 0-1

[Event "Quebec op U1200"]
[Site "Montreal CAN"]
[Date "2016.07.27"]
[Round "6.85"]
[White "Paquin, Robbie"]
[Black "Philogene, Joliet"]
[Result "0-1"]
[WhiteElo "1115"]
[BlackElo "923"]
[PlyCount "72"]
[EventDate "2016.07.23"]
[EventType "swiss"]
[EventRounds "8"]
[EventCountry "CAN"]

1. d4 Nf6 2. c4 e6 3. Nf3 b6 4. e3 Bb7 5. Nc3 c5 6. d5 Bd6 7. e4 O-O 8. e5 Bc7
9. exf6 Qxf6 10. Ne4 Qf5 11. Bd3 exd5 12. Nd6 Qe6+ 13. Qe2 Qxd6 14. g3 Nc6 15.
O-O g6 16. Bf4 Qe6 17. Qxe6 fxe6 18. cxd5 exd5 19. Bb5 Bxf4 20. Bxc6 Bxc6 21.
gxf4 Rxf4 22. Ne5 d4 23. f3 Bb5 24. Rfd1 Re8 25. Ng4 Rxf3 26. Re1 d6 27. Rxe8+
Bxe8 28. Rf1 Rxf1+ 29. Kxf1 Bb5+ 30. Ke1 Kg7 31. Kd2 d3 32. Ne3 h5 33. b3 Kh6
34. Nc4 Bxc4 35. bxc4 Kg5 36. Kxd3 Kf4 0-1

[Event "Quebec op U1200"]
[Site "Montreal CAN"]
[Date "2016.07.27"]
[Round "6.86"]
[White "Blondin, Bernard"]
[Black "Latour, Pierre-Jerome"]
[Result "0-1"]
[WhiteElo "894"]
[BlackElo "1070"]
[PlyCount "132"]
[EventDate "2016.07.23"]
[EventType "swiss"]
[EventRounds "8"]
[EventCountry "CAN"]

1. d4 Nf6 2. Nf3 g6 3. c4 Bg7 4. g3 d6 5. Nc3 Bf5 6. Bg2 Nc6 7. d5 Nb8 8. Nd2
O-O 9. O-O Qd7 10. Re1 c6 11. e4 Bh3 12. Nf1 Bxg2 13. Kxg2 c5 14. e5 dxe5 15.
Rxe5 Ng4 16. Re2 Ne5 17. Ne3 Na6 18. a3 f5 19. f4 Ng4 20. Rb1 Nxe3+ 21. Rxe3
Bd4 22. Re6 Nc7 23. Re1 Rad8 24. Be3 Bxe3 25. Rxe3 a6 26. a4 e6 27. Rd3 b5 28.
axb5 axb5 29. Nxb5 Nxb5 30. cxb5 Qxb5 31. Qd2 c4 32. Rd4 exd5 33. Qc3 Rfe8 34.
Kf2 Re4 35. Rbd1 Qb6 36. Re1 Rxe1 37. Kxe1 Re8+ 38. Kd2 Qe6 39. Kd1 Qe2+ 40.
Kc1 Re3 41. Qd2 Qf1+ 42. Kc2 Re2 43. Rxd5 Rxd2+ 44. Rxd2 Qf3 45. Kc1 Kg7 46.
Kb1 Kh6 47. Ka2 Qb3+ 48. Kb1 c3 49. Rc2 cxb2 50. Rxb2 Qxb2+ 51. Kxb2 Kh5 52.
Kc2 Kg4 53. Kd3 Kh3 54. Ke3 Kxh2 55. Kf3 Kh3 56. Kf2 Kg4 57. Kg2 h5 58. Kh2 h4
59. gxh4 Kxh4 60. Kg2 Kg4 61. Kh2 Kxf4 62. Kg2 Ke3 63. Kg3 f4+ 64. Kg2 Ke2 65.
Kg1 f3 66. Kh2 f2 0-1

[Event "Quebec op U1200"]
[Site "Montreal CAN"]
[Date "2016.07.27"]
[Round "6.87"]
[White "Poulin, Roxane"]
[Black "Gregoire, Serge"]
[Result "1-0"]
[WhiteElo "1025"]
[BlackElo "1006"]
[PlyCount "61"]
[EventDate "2016.07.23"]
[EventType "swiss"]
[EventRounds "8"]
[EventCountry "CAN"]

1. d4 Nf6 2. c4 e6 3. Nc3 d5 4. cxd5 exd5 5. Bg5 Bb4 6. Qc2 Be6 7. e3 c5 8. g3
O-O 9. Bg2 Nbd7 10. Nge2 Bxc3+ 11. bxc3 cxd4 12. cxd4 Qa5+ 13. Qc3 Qxc3+ 14.
Nxc3 Rac8 15. Rc1 Rc6 16. O-O Rfc8 17. Ne2 Bf5 18. Rxc6 Rxc6 19. Nf4 h6 20.
Nxd5 Nxd5 21. Bxd5 Rb6 22. Be7 Nf6 23. Bxf6 gxf6 24. Kg2 Be6 25. Bxe6 fxe6 26.
Rc1 Rc6 27. Rxc6 bxc6 28. Kf3 Kg7 29. a4 e5 30. Ke4 exd4 31. Kxd4 1-0

[Event "Quebec op U1200"]
[Site "Montreal CAN"]
[Date "2016.07.27"]
[Round "6.90"]
[White "Chanot, Frederic"]
[Black "Boudreau, Leo"]
[Result "1-0"]
[WhiteElo "986"]
[BlackElo "874"]
[PlyCount "66"]
[EventDate "2016.07.23"]
[EventType "swiss"]
[EventRounds "8"]
[EventCountry "CAN"]

1. e4 e5 2. Nf3 Nc6 3. d4 exd4 4. Nxd4 Bc5 5. Nxc6 Qf6 6. f3 Qxc6 7. Nc3 b5 8.
Bxb5 Qg6 9. Qe2 Nf6 10. Nd5 O-O 11. Nxc7 Rb8 12. Bf4 Bb6 13. Na6 Ra8 14. O-O-O
Bxa6 15. Bxa6 Nh5 16. g3 Qf6 17. e5 Qe6 18. Bc4 Qc6 19. Bd5 Qa4 20. Bxa8 Rxa8
21. Kb1 Rb8 22. e6 Nxf4 23. gxf4 dxe6 24. Rd2 Bd4 25. c3 Bxc3 26. Rc2 Qb4 27.
Rhc1 a5 28. Rxc3 Qb7 29. Rb3 Qa8 30. Rxb8+ Qxb8 31. Qc4 f5 32. Qxe6+ Kh8 33.
Qxf5 g6 1-0

[Event "Quebec op U1200"]
[Site "Montreal CAN"]
[Date "2016.07.28"]
[Round "7.1"]
[White "Roussel, Lauriane"]
[Black "Philogene, Joliet"]
[Result "1/2-1/2"]
[WhiteElo "1159"]
[BlackElo "923"]
[PlyCount "81"]
[EventDate "2016.07.23"]
[EventType "swiss"]
[EventRounds "8"]
[EventCountry "CAN"]

1. e4 e5 2. Nf3 Nc6 3. Bc4 Nd4 4. O-O Bc5 5. Nxd4 Bxd4 6. c3 Bb6 7. d4 Qh4 8.
Qf3 Qf6 9. Qxf6 Nxf6 10. dxe5 Nxe4 11. Nd2 d5 12. Bxd5 Nc5 13. Nf3 h6 14. b4
Nd3 15. c4 Nxb4 16. Ba3 Nc2 17. Bb2 Bc5 18. Rad1 c6 19. Be4 Nb4 20. Ba3 a5 21.
Nd4 O-O 22. Nb3 Ba7 23. Rd2 Be6 24. Nxa5 Bc5 25. Nxb7 Rxa3 26. Nxc5 Bxc4 27.
Nd7 Re8 28. Rc1 Rxa2 29. Rxa2 Bxa2 30. f4 Bd5 31. Bxd5 cxd5 32. Rd1 Rd8 33. Nc5
d4 34. Kf2 g6 35. Rd2 d3 36. g3 Rd5 37. Nb3 Nc2 38. Nc1 Nb4 39. Ke3 Nc2+ 40.
Kf2 Nb4 41. Ke3 1/2-1/2

[Event "Quebec op U1200"]
[Site "Montreal CAN"]
[Date "2016.07.28"]
[Round "7.2"]
[White "Latour, Pierre-Jerome"]
[Black "Zhang, Chu Hang"]
[Result "0-1"]
[WhiteElo "1070"]
[BlackElo "1086"]
[PlyCount "84"]
[EventDate "2016.07.23"]
[EventType "swiss"]
[EventRounds "8"]
[EventCountry "CAN"]

1. c4 c5 2. g3 g6 3. Bg2 Bg7 4. Nc3 Nc6 5. Nf3 e6 6. e4 Nge7 7. d3 O-O 8. O-O
e5 9. Be3 d6 10. Qd2 Nd4 11. Bh6 Nxf3+ 12. Bxf3 Rb8 13. Bxg7 Kxg7 14. Rfe1 f5
15. h4 Nc6 16. Nd5 Nd4 17. Bg2 fxe4 18. Bxe4 Bf5 19. Bh1 Bd7 20. f4 exf4 21.
Nxf4 g5 22. hxg5 Qxg5 23. Ne6+ Nxe6 24. Qxg5+ Nxg5 25. Re7+ Rf7 26. Rae1 Bc6
27. Bxc6 bxc6 28. Kg2 Rxb2+ 29. Kh1 Rxa2 30. Re8 Rd2 31. Rc8 Rxd3 32. Rxc6 Rf6
33. Rc7+ Nf7 34. Kg2 Rd2+ 35. Kh3 Rh6+ 36. Kg4 Rd4+ 37. Kf3 Rf6+ 38. Kg2 Rxc4
39. Rc8 Ng5 40. Re7+ Rf7 41. Ree8 Rc2+ 42. Kg1 Nh3+ 0-1

[Event "Quebec op U1200"]
[Site "Montreal CAN"]
[Date "2016.07.28"]
[Round "7.3"]
[White "Houle, Bernard"]
[Black "Poulin, Roxane"]
[Result "1/2-1/2"]
[WhiteElo "1131"]
[BlackElo "1025"]
[PlyCount "94"]
[EventDate "2016.07.23"]
[EventType "swiss"]
[EventRounds "8"]
[EventCountry "CAN"]

1. Nf3 d5 2. d4 c5 3. e3 Bg4 4. Be2 Nc6 5. h3 Bh5 6. a3 Nf6 7. c3 e6 8. Nbd2
Bd6 9. O-O O-O 10. Nh2 Bxe2 11. Qxe2 c4 12. e4 Bc7 13. e5 Nd7 14. Rb1 f6 15. f4
fxe5 16. fxe5 a5 17. Ndf3 b5 18. Bg5 Qe8 19. Rf2 Bd8 20. Qc2 Bxg5 21. Nxg5 Qg6
22. Qxg6 hxg6 23. Nxe6 Rxf2 24. Kxf2 Kf7 25. Ng5+ Ke7 26. Rf1 Rf8+ 27. Kg1
Rxf1+ 28. Kxf1 b4 29. Nhf3 Nf8 30. Nd2 Ne6 31. Nxe6 Kxe6 32. g4 g5 33. Ke2 b3
34. Nf1 Nd8 35. Ne3 g6 36. Kf3 a4 37. Ng2 Nf7 38. Kg3 Nh6 39. Ne1 Nf7 40. Nf3
Ke7 41. h4 gxh4+ 42. Nxh4 g5 43. Ng2 Nh8 44. Ne3 Ke6 45. Nf5 Ng6 46. Ne3 Nf4
47. Nd1 Nd3 1/2-1/2

[Event "Quebec op U1200"]
[Site "Montreal CAN"]
[Date "2016.07.28"]
[Round "7.4"]
[White "Blondin, Bernard"]
[Black "Craciun, David"]
[Result "1/2-1/2"]
[WhiteElo "894"]
[BlackElo "1135"]
[PlyCount "86"]
[EventDate "2016.07.23"]
[EventType "swiss"]
[EventRounds "8"]
[EventCountry "CAN"]

1. d4 d5 2. Nf3 e6 3. Bf4 f5 4. g3 Nf6 5. Bg2 Be7 6. c3 O-O 7. O-O c6 8. Ne1
Nbd7 9. Nd3 Ne4 10. f3 Nef6 11. Nd2 Nh5 12. Be3 b6 13. Ne5 Bb7 14. f4 Rc8 15.
Rc1 Nhf6 16. Nxd7 Qxd7 17. Nf3 Qe8 18. Ne5 Bd6 19. Qb3 Qh5 20. Rfe1 Qh6 21. c4
Qh5 22. Qa4 a6 23. Bf1 Bxe5 24. h3 Bd6 25. c5 b5 26. Qb3 Bc7 27. Bd2 Ne4 28.
Qe3 g5 29. Bg2 gxf4 30. gxf4 Rf7 31. Bxe4 fxe4 32. Kh1 Kh8 33. Rg1 Bxf4 34.
Qxf4 Rxf4 35. Bxf4 Rf8 36. Be5+ Qxe5 37. dxe5 Bc8 38. Rcf1 Rxf1 39. Rxf1 Kg8
40. b4 Bd7 41. Rg1+ Kf7 42. e3 Be8 43. Rf1+ Ke7 1/2-1/2

[Event "Quebec op U1200"]
[Site "Montreal CAN"]
[Date "2016.07.28"]
[Round "7.5"]
[White "Paquin, Robbie"]
[Black "Piche, Eric"]
[Result "1-0"]
[WhiteElo "1115"]
[BlackElo "1179"]
[PlyCount "61"]
[EventDate "2016.07.23"]
[EventType "swiss"]
[EventRounds "8"]
[EventCountry "CAN"]

1. d4 e5 2. e3 Qe7 3. dxe5 Qxe5 4. Nf3 Qd6 5. Bd2 Nf6 6. Nc3 a6 7. Bc4 Nc6 8.
Ng5 Nd8 9. Qf3 Qe7 10. Nge4 b5 11. Nxf6+ Qxf6 12. Qe4+ Be7 13. Bxf7+ Kxf7 14.
Qxa8 Nc6 15. Nd5 Qxb2 16. O-O Qxc2 17. Bc3 Bd6 18. a3 h5 19. Bb4 Be5 20. Rae1
h4 21. Nf4 Qf5 22. Rd1 g5 23. Nh3 g4 24. f4 gxh3 25. fxe5 Ke6 26. Rxf5 Kxf5 27.
Rxd7 Nxe5 28. Rd5 hxg2 29. Bc3 Rf8 30. Rxe5+ Kg4 31. Qxg2# 1-0

[Event "Quebec op U1200"]
[Site "Montreal CAN"]
[Date "2016.07.28"]
[Round "7.6"]
[White "Gregoire, Serge"]
[Black "Chanot, Frederic"]
[Result "1-0"]
[WhiteElo "1006"]
[BlackElo "986"]
[PlyCount "55"]
[EventDate "2016.07.23"]
[EventType "swiss"]
[EventRounds "8"]
[EventCountry "CAN"]

1. d4 d5 2. c4 Nf6 3. Nc3 e6 4. Nf3 Bb4 5. e3 Ne4 6. Qc2 Qe7 7. a3 Bxc3+ 8.
bxc3 c5 9. Bd3 f5 10. cxd5 exd5 11. O-O c4 12. Bxe4 fxe4 13. Ne5 Nd7 14. f4 O-O
15. a4 Rf5 16. Qf2 Nxe5 17. dxe5 Rh5 18. h3 Qf7 19. g4 Rxh3 20. Qg2 Rh4 21. f5
g6 22. Qg3 Rh6 23. Qf4 Qf8 24. Ba3 Qg7 25. f6 g5 26. f7+ Kh8 27. f8=Q+ Qxf8 28.
Qxf8# 1-0

[Event "Quebec op U1200"]
[Site "Montreal CAN"]
[Date "2016.07.28"]
[Round "7.8"]
[White "Boudreau, Leo"]
[Black "Navala, Anthony"]
[Result "0-1"]
[WhiteElo "874"]
[BlackElo "962"]
[PlyCount "34"]
[EventDate "2016.07.23"]
[EventType "swiss"]
[EventRounds "8"]
[EventCountry "CAN"]

1. e4 e6 2. Nc3 d5 3. exd5 exd5 4. b3 Bb4 5. Bb2 Nf6 6. Nf3 d4 7. Nxd4 Qxd4 8.
Qe2+ Be6 9. g3 O-O 10. O-O-O Bg4 11. Qe1 Bxd1 12. Nxd1 Qd6 13. Bc4 Rd8 14. Bd3
Nc6 15. a3 Bxa3 16. g4 Qd4 17. Bxa3 Qa1# 0-1

[Event "Quebec op U1200"]
[Site "Montreal CAN"]
[Date "2016.07.29"]
[Round "8.84"]
[White "Houle, Bernard"]
[Black "Roussel, Lauriane"]
[Result "0-1"]
[WhiteElo "1131"]
[BlackElo "1159"]
[PlyCount "96"]
[EventDate "2016.07.23"]
[EventType "swiss"]
[EventRounds "8"]
[EventCountry "CAN"]

1. d4 d5 2. Nf3 Nf6 3. g3 e6 4. Bg2 Be7 5. Nbd2 O-O 6. b3 c5 7. Bb2 Nc6 8. c3
b6 9. O-O Bb7 10. Qc2 h6 11. Rad1 cxd4 12. cxd4 Nb4 13. Qb1 Rc8 14. a3 Nc6 15.
Rfe1 Na5 16. b4 Nc4 17. Rc1 Nxd2 18. Nxd2 Qd7 19. e3 Rxc1 20. Rxc1 Rc8 21.
Rxc8+ Qxc8 22. Qc1 Qxc1+ 23. Bxc1 Bd6 24. h3 Kf8 25. Kf1 Ke8 26. Ke1 Kd7 27.
Nf3 Kc6 28. Ne5+ Bxe5 29. dxe5 Nd7 30. f4 Kb5 31. Kd2 a5 32. Kc3 d4+ 33. exd4
Bxg2 34. h4 axb4+ 35. axb4 Kc6 36. Be3 b5 37. Bf2 Kd5 38. Kd3 Nb6 39. Be1 Nc4
40. Bc3 Bf1+ 41. Kc2 Ke4 42. Kd1 Kf3 43. Be1 Ne3+ 44. Kd2 Ng2 45. Kd1 Nxe1 46.
Kxe1 Bh3 47. Kd2 Kxg3 48. Ke3 Kxh4 0-1

[Event "Quebec op U1200"]
[Site "Montreal CAN"]
[Date "2016.07.29"]
[Round "8.85"]
[White "Craciun, David"]
[Black "Paquin, Robbie"]
[Result "1-0"]
[WhiteElo "1135"]
[BlackElo "1115"]
[PlyCount "55"]
[EventDate "2016.07.23"]
[EventType "swiss"]
[EventRounds "8"]
[EventCountry "CAN"]

1. d4 d5 2. e3 Nf6 3. Bd3 e6 4. f4 c5 5. c3 c4 6. Bc2 Be7 7. Nf3 Nc6 8. O-O O-O
9. Ne5 Nxe5 10. fxe5 Ne4 11. Nd2 Nxd2 12. Bxd2 f6 13. exf6 Bxf6 14. b3 b5 15.
a4 Bd7 16. Qe2 Qc7 17. axb5 Bxb5 18. b4 e5 19. Be1 e4 20. Bg3 Qe7 21. Ba4 a6
22. Ra2 Qd7 23. Rfa1 Bd8 24. Qh5 a5 25. Bxb5 Qxb5 26. Bd6 Qe8 27. Qxd5+ Rf7 28.
Qxa8 1-0

[Event "Quebec op U1200"]
[Site "Montreal CAN"]
[Date "2016.07.29"]
[Round "8.86"]
[White "Latour, Pierre-Jerome"]
[Black "Poulin, Roxane"]
[Result "0-1"]
[WhiteElo "1070"]
[BlackElo "1025"]
[PlyCount "106"]
[EventDate "2016.07.23"]
[EventType "swiss"]
[EventRounds "8"]
[EventCountry "CAN"]

1. c4 e5 2. Nc3 Nf6 3. g3 Bb4 4. Bg2 c6 5. a3 Ba5 6. b4 Bc7 7. d3 O-O 8. Nf3 d5
9. cxd5 cxd5 10. Nb5 a6 11. Nxc7 Qxc7 12. Bb2 Nc6 13. O-O Bf5 14. Rc1 Qd6 15.
Qb3 Be6 16. Ng5 Rad8 17. Nxe6 fxe6 18. e3 Kh8 19. b5 Na7 20. a4 axb5 21. Ba3
bxa4 22. Bxd6 axb3 23. Bxf8 Rxf8 24. Rb1 Rb8 25. Rxb3 Kg8 26. Rfb1 b5 27. Ra3
Nc6 28. Ra6 Nd8 29. Rba1 b4 30. Ra8 Nd7 31. Bh3 Kf7 32. R8a7 Ke7 33. Rb1 b3 34.
Ra3 b2 35. Ra2 Nc5 36. Bf1 Nc6 37. Raxb2 Rxb2 38. Rxb2 h5 39. Rc2 Kd6 40. f3 g5
41. d4 exd4 42. exd4 Nxd4 43. Kg2 Nxc2 44. Kh3 Ne3 45. Be2 d4 46. f4 d3 47.
Bxh5 gxf4 48. g4 f3 49. g5 f2 50. g6 f1=Q+ 51. Kh4 Qg1 52. Kh3 d2 53. Bg4 Qxg4#
0-1

[Event "Quebec op U1200"]
[Site "Montreal CAN"]
[Date "2016.07.29"]
[Round "8.88"]
[White "Poulin, Marc"]
[Black "Gregoire, Serge"]
[Result "1-0"]
[WhiteElo "1111"]
[BlackElo "1006"]
[PlyCount "47"]
[EventDate "2016.07.23"]
[EventType "swiss"]
[EventRounds "8"]
[EventCountry "CAN"]

1. d4 Nf6 2. Bg5 d5 3. Bxf6 exf6 4. Nc3 Bb4 5. a3 Bxc3+ 6. bxc3 Bf5 7. e3 Nd7
8. c4 c5 9. cxd5 Qa5+ 10. Qd2 Qxd2+ 11. Kxd2 cxd4 12. exd4 O-O 13. Bd3 Bxd3 14.
Kxd3 b5 15. Ne2 Rac8 16. Rhe1 Nb6 17. Nf4 Rfd8 18. Re7 a5 19. Rb7 Rd6 20. Rb1
Nxd5 21. Nxd5 Rxd5 22. R1xb5 Rxb5 23. Rxb5 a4 24. Ra5 1-0

[Event "Quebec op U1200"]
[Site "Montreal CAN"]
[Date "2016.07.29"]
[Round "8.89"]
[White "Chanot, Frederic"]
[Black "Navala, Anthony"]
[Result "0-1"]
[WhiteElo "986"]
[BlackElo "962"]
[PlyCount "82"]
[EventDate "2016.07.23"]
[EventType "swiss"]
[EventRounds "8"]
[EventCountry "CAN"]

1. e4 e6 2. d4 d5 3. Nf3 dxe4 4. Ng5 f5 5. g4 Be7 6. Nh3 Nf6 7. g5 Nd5 8. Qh5+
g6 9. Qh6 Bf8 10. Qh4 Nc6 11. c3 a6 12. Nf4 Nxf4 13. Bxf4 b5 14. Nd2 b4 15. Nc4
h6 16. Be5 Nxe5 17. Nxe5 bxc3 18. bxc3 Rg8 19. Rd1 Qxg5 20. Qxg5 hxg5 21. h4
gxh4 22. Rxh4 Be7 23. Rh6 g5 24. Rh7 Bd6 25. c4 g4 26. Bg2 g3 27. f3 Bxe5 28.
dxe5 exf3 29. Bh1 g2 30. Kf2 gxh1=Q 31. Rdxh1 Rg2+ 32. Kxf3 Bb7+ 33. Kf4 Rg4+
34. Ke3 Bxh1 35. Rxh1 Kd7 36. Rh7+ Kc6 37. Kf3 Rag8 38. Rh6 R8g6 39. Rxg6 Rxg6
40. Kf4 Rg4+ 41. Kf3 Kc5 0-1

[Event "Quebec op U1400"]
[Site "Montreal CAN"]
[Date "2016.07.23"]
[Round "1.80"]
[White "Lauzon, Francois"]
[Black "Lemarier, Stephane"]
[Result "0-1"]
[WhiteElo "1265"]
[BlackElo "1377"]
[PlyCount "76"]
[EventDate "2016.07.23"]
[EventType "swiss"]
[EventRounds "8"]
[EventCountry "CAN"]

1. e4 c5 2. Nf3 d6 3. d4 cxd4 4. Nxd4 Nf6 5. Nc3 a6 6. Be3 Nc6 7. f3 e6 8. Be2
Be7 9. Qd2 Bd7 10. g4 Nxd4 11. Bxd4 e5 12. Be3 O-O 13. O-O-O b5 14. g5 Nh5 15.
Nd5 Be6 16. Nxe7+ Qxe7 17. Kb1 Rfd8 18. Qb4 Qc7 19. Rhe1 Nf4 20. Bxf4 exf4 21.
h4 Rab8 22. Rd4 a5 23. Qd2 b4 24. b3 a4 25. Bc4 axb3 26. Bxb3 Qc3 27. Bxe6 fxe6
28. Rxd6 Qxd2 29. Rxd2 Rxd2 30. Kb2 Rc8 31. Rc1 Rc3 32. a4 Rxf3 33. a5 Ra3 34.
Ra1 Rxa1 35. Kxa1 f3 36. a6 f2 37. a7 f1=Q+ 38. Kb2 Qa6 0-1

[Event "Quebec op U1400"]
[Site "Montreal CAN"]
[Date "2016.07.23"]
[Round "1.81"]
[White "Imbeault, Marc"]
[Black "Bedard, Ludovic"]
[Result "1-0"]
[WhiteElo "1372"]
[BlackElo "1257"]
[PlyCount "73"]
[EventDate "2016.07.23"]
[EventType "swiss"]
[EventRounds "8"]
[EventCountry "CAN"]

1. e4 c5 2. Nf3 g6 3. c3 Bg7 4. d4 cxd4 5. cxd4 Nc6 6. Nc3 d6 7. Bb5 a6 8. Ba4
b5 9. Bb3 Nf6 10. O-O O-O 11. Bf4 Bg4 12. h3 Bxf3 13. gxf3 Nxd4 14. Qxd4 Nh5
15. Qd2 Qd7 16. Kg2 Nxf4+ 17. Qxf4 a5 18. Nd5 Rab8 19. Rab1 a4 20. Bc2 Be5 21.
Qe3 g5 22. f4 gxf4 23. Nxf4 Kh8 24. Ne2 Rg8+ 25. Ng3 Rg6 26. f4 Bf6 27. e5 Qc6+
28. Qe4 d5 29. Qe2 Rxg3+ 30. Kxg3 Rg8+ 31. Kh2 Bh4 32. Qd3 Bg3+ 33. Kg2 d4+ 34.
Rf3 Bxf4+ 35. Kf1 Qh6 36. Qxd4 Qg7 37. Qf2 1-0

[Event "Quebec op U1400"]
[Site "Montreal CAN"]
[Date "2016.07.23"]
[Round "1.82"]
[White "Denis, Alain"]
[Black "Laroche, Martin"]
[Result "0-1"]
[WhiteElo "1244"]
[BlackElo "1372"]
[PlyCount "72"]
[EventDate "2016.07.23"]
[EventType "swiss"]
[EventRounds "8"]
[EventCountry "CAN"]

1. e4 e5 2. Nf3 Nc6 3. Bb5 a6 4. Ba4 Bc5 5. O-O b5 6. Bb3 Na5 7. Nxe5 Nxb3 8.
axb3 Nf6 9. Re1 O-O 10. d4 Bb6 11. Nc3 Bb7 12. Bg5 h6 13. Bxf6 gxf6 14. Nf3 Kh7
15. Qd3 Rg8 16. Nh4 Rg5 17. Nf3 Rg6 18. Nd5 Bxd5 19. exd5 Kh8 20. Re4 f5 21.
Rh4 Qf6 22. Qe3 Kh7 23. Rf4 d6 24. Re1 Rg4 25. Rxg4 fxg4 26. Nd2 Bxd4 27. Qd3+
Kh8 28. Ne4 Re8 29. Kf1 Qe5 30. g3 f5 31. Qd2 fxe4 32. Qxh6+ Kg8 33. Qg6+ Kf8
34. Qxg4 Re7 35. f4 Qf6 36. c3 Bb6 0-1

[Event "Quebec op U1400"]
[Site "Montreal CAN"]
[Date "2016.07.23"]
[Round "1.83"]
[White "Arsenault-Mahjoubi, Louis"]
[Black "Grandmaison, Real"]
[Result "1/2-1/2"]
[WhiteElo "1359"]
[BlackElo "1243"]
[PlyCount "61"]
[EventDate "2016.07.23"]
[EventType "swiss"]
[EventRounds "8"]
[EventCountry "CAN"]

1. d4 d5 2. c4 e6 3. Nc3 Nf6 4. Bg5 Be7 5. Nf3 O-O 6. e3 h6 7. Bxf6 Bxf6 8. Qd2
a6 9. Bd3 Nc6 10. h4 Be7 11. g4 Nb4 12. Be2 dxc4 13. Bxc4 b5 14. Bb3 Bb7 15. e4
c5 16. a3 c4 17. Bc2 Nxc2+ 18. Qxc2 Qa5 19. Ke2 Rad8 20. g5 h5 21. Rad1 Qc7 22.
Ne5 Bd6 23. f4 Bxe5 24. fxe5 Rd7 25. Ke3 Rfd8 26. Qf2 Qb6 27. Ne2 b4 28. axb4
Qxb4 29. Nc3 Qb6 30. Na4 Qb3+ 31. Nc3 1/2-1/2

[Event "Quebec op U1400"]
[Site "Montreal CAN"]
[Date "2016.07.23"]
[Round "1.84"]
[White "Luchian, Andra"]
[Black "Jordanov, Jordan"]
[Result "0-1"]
[WhiteElo "1240"]
[BlackElo "1339"]
[PlyCount "64"]
[EventDate "2016.07.23"]
[EventType "swiss"]
[EventRounds "8"]
[EventCountry "CAN"]

1. d4 Nf6 2. Nf3 e6 3. Bg5 d5 4. e3 c5 5. c4 Nc6 6. Nc3 cxd4 7. Nxd4 Be7 8. Be2
Qa5 9. O-O dxc4 10. Bh4 Ne5 11. Rc1 a6 12. Bg3 Nd3 13. Bxd3 cxd3 14. Qxd3 Bd7
15. Nb3 Qh5 16. Rfd1 Bc6 17. Nd4 Rd8 18. Qc2 Bd7 19. Ne4 Nxe4 20. Qxe4 Bc6 21.
Qc2 Rc8 22. Nxc6 Rxc6 23. Qd3 O-O 24. Rxc6 bxc6 25. f3 Qd5 26. h4 Qxa2 27. Qd7
Bc5 28. Bf4 Qa4 29. Rc1 Qxf4 30. Rc3 Bxe3+ 31. Kf1 Qxh4 32. Rxe3 Rd8 0-1